000 00596nam a2200241Ia 4500
005 20260306150659.0
008 008 260114s9999 xx 000 0 eng d
020 _a9789027288042
037 _aEbook
040 _aCRL
040 _beng
040 _cCRL
041 _2eng
041 _aeng
084 _qCRL
245 0 _aNew Horizons in the Neuroscience of Consciousness
260 _bJohn Benjamins Publishing Company
260 _c2010
650 _aSocial Sciences
856 _uhttps://www.degruyter.com/isbn/9789027288042
942 _cEBOOK
999 _c1698729
_d1698729